=LDR 00000nam 2200000 4500 =001 INLIS000000000000690 =005 20130612085126 =008 ***********************************Ind** =035 ##$$0010-061300000000690 =041 ##$$a Ind =082 ##$$a 92(Hassan) =090 ##$$a 92(Hassan), Has-i =100 ##$$a Hassan, A. Muis =245 ##$$a Ikut mengukir sejarah, HA. Muis Hassan =260 ##$$a 1994 $b Jakarta =300 ##$$a 265 hlm, ilus, 21 cm =650 ##$$a Hassan, A Muis =850 ##$$a NBPNMAT